MARC details
| 000 -LEADER |
| campo de control de longitud fija |
02673cam a2200397 i 4500 |
| 001 - NÚMERO DE CONTROL |
| campo de control |
121579 |
| 005 - FECHA Y HORA DE LA ÚLTIMA TRANSACCIÓN |
| campo de control |
20230410120751.0 |
| 008 - DATOS DE LONGITUD FIJA--INFORMACIÓN GENERAL |
| campo de control de longitud fija |
140331s2014 nyu b 001 0 eng |
| 035 ## - NÚMERO DE CONTROL DEL SISTEMA |
| Número de control de sistema |
18087716 |
| 010 ## - NÚMERO DE CONTROL DE LA BIBLIOTECA DEL CONGRESO |
| Número de control de LC |
2014010788 |
| 020 ## - NÚMERO INTERNACIONAL ESTÁNDAR DEL LIBRO |
| Número Internacional Estándar del Libro |
9780765338129 (hardcover) |
| 020 ## - NÚMERO INTERNACIONAL ESTÁNDAR DEL LIBRO |
| ISBN cancelado o inválido |
9781466837560 (ebook) |
| 040 ## - FUENTE DE CATALOGACIÓN |
| Centro catalogador/agencia de origen |
DLC |
| Lengua de catalogación |
eng |
| Normas de descripción |
rda |
| Centro/agencia transcriptor |
DLC |
| Centro/agencia modificador |
DLC |
| 042 ## - CÓDIGO DE AUTENTICACIÓN |
| Código de autenticación |
pcc |
| 043 ## - CÓDIGO DE ÁREA GEOGRÁFICA |
| Código de área geográfica |
n-us--- |
| 050 14 - SIGNATURA TOPOGRÁFICA DE LA BIBLIOTECA DEL CONGRESO |
| Número de clasificación |
HV 6432 |
| Número de ítem |
G554n 2014 |
| 082 00 - NÚMERO DE LA CLASIFICACIÓN DECIMAL DEWEY |
| Número de clasificación |
363.325/5 |
| 100 1# - ENTRADA PRINCIPAL--NOMBRE DE PERSONA |
| Nombre de persona |
Gleason, Robert |
| Forma completa/desarrollada del nombre |
(Robert Herman) |
| 245 14 - MENCIÓN DEL TÍTULO |
| Título |
The nuclear terrorist : |
| Resto del título |
his financial backers and political patrons in the U.S. and abroad / |
| Mención de responsabilidad, etc. |
Robert Gleason. |
| 250 ## - MENCION DE EDICION |
| Mención de edición |
1st ed. |
| 260 ## - PUBLICACIÓN, DISTRIBUCIÓN, ETC. |
| Lugar de publicación, distribución, etc. |
New York : |
| Nombre del editor, distribuidor, etc. |
Forge, |
| Fecha de publicación, distribución, etc. |
2014. |
| 300 ## - DESCRIPCIÓN FÍSICA |
| Extensión |
336 p. : |
| Otras características físicas |
ill. ; |
| Dimensiones |
25 cm. |
| 500 ## - NOTA GENERAL |
| Nota general |
"A Tom Doherty Associates Book." |
| 504 ## - NOTA DE BIBLIOGRAFÍA, ETC. |
| Nota de bibliografía, etc. |
Includes bibliographical references (pages 301-328) and index. |
| 520 ## - RESUMEN, ETC. |
| Sumario, etc. |
"The threat of nuclear terrorism has never been greater, yet, as this devastating exposé makes clear, America's leaders, including the last two Presidential administrations, have been shockingly lax and often chillingly reckless when it comes to protecting the United States--and the world--from the spreading threat of nuclear proliferation and the very real possibility that terrorists will stage a nuclear bombing or meltdown on American soil . . . with catastrophic results. Taking no prisoners, The Nuclear Terrorist demonstrates how time and again both the Bush and Obama administrations have placed politics and profiteering over public safety; how the government has failed to effectively guard and regulate a "peaceful" nuclear industry that is both cataclysmically expensive and apocalyptically dangerous; how America's nuclear power plants remain vulnerable to both physical and cyber attacks; and how our elected leaders and their advisors continue to do business with rogue states, untrustworthy and unstable "allies," and terrorist backers, while turning a blind eye to the all-but-inevitable consequences of such deals with the devil"-- |
| Fuente proveedora |
Provided by publisher. |
| 650 #0 - PUNTO DE ACCESO ADICIONAL DE MATERIA--TÉRMINO DE MATERIA |
| Término de materia o nombre geográfico como elemento de entrada |
Nuclear terrorism |
| Subdivisión geográfica |
United States. |
| 650 #4 - PUNTO DE ACCESO ADICIONAL DE MATERIA--TÉRMINO DE MATERIA |
| Término de materia o nombre geográfico como elemento de entrada |
Terrorismo nuclear |
| Subdivisión geográfica |
Estados Unidos. |
| 650 #0 - PUNTO DE ACCESO ADICIONAL DE MATERIA--TÉRMINO DE MATERIA |
| Término de materia o nombre geográfico como elemento de entrada |
Nuclear power plants |
| Subdivisión general |
Security measures |
| Subdivisión geográfica |
United States. |
| 650 #4 - PUNTO DE ACCESO ADICIONAL DE MATERIA--TÉRMINO DE MATERIA |
| Término de materia o nombre geográfico como elemento de entrada |
Energía nuclear. |
| 650 #0 - PUNTO DE ACCESO ADICIONAL DE MATERIA--TÉRMINO DE MATERIA |
| Término de materia o nombre geográfico como elemento de entrada |
Terrorism |
| Subdivisión geográfica |
United States |
| Subdivisión general |
Prevention. |
| 650 #4 - PUNTO DE ACCESO ADICIONAL DE MATERIA--TÉRMINO DE MATERIA |
| Término de materia o nombre geográfico como elemento de entrada |
Terrorismo |
| Subdivisión geográfica |
Estados Unidos |
| Subdivisión general |
Prevención. |
| 650 #7 - PUNTO DE ACCESO ADICIONAL DE MATERIA--TÉRMINO DE MATERIA |
| Término de materia o nombre geográfico como elemento de entrada |
POLITICAL SCIENCE / Political Freedom & Security / Terrorism. |
| Fuente del encabezamiento o término |
bisacsh |
| 650 #7 - PUNTO DE ACCESO ADICIONAL DE MATERIA--TÉRMINO DE MATERIA |
| Término de materia o nombre geográfico como elemento de entrada |
POLITICAL SCIENCE / International Relations / Arms Control. |
| Fuente del encabezamiento o término |
bisacsh |
| 856 42 - LOCALIZACIÓN Y ACCESO ELECTRÓNICOS |
| Materiales especificados |
Cover image |
| Identificador Uniforme de Recursos |
<a href="http://www.netread.com/jcusers2/bk1388/129/9780765338129/image/lgcover.9780765338129.jpg">http://www.netread.com/jcusers2/bk1388/129/9780765338129/image/lgcover.9780765338129.jpg</a> |
| 942 ## - ELEMENTOS DE ENTRADA SECUNDARIOS (KOHA) |
| Fuente del sistema de clasificación o colocación |
Clasificación de Library of Congress |
| Tipo de ítem Koha |
|